<?xml version="1.0" encoding="UTF-8"?><?xml-stylesheet type="text/xsl" href="static/style.xsl"?><OAI-PMH xmlns="http://www.openarchives.org/OAI/2.0/" xmlns:xsi="http://www.w3.org/2001/XMLSchema-instance" xsi:schemaLocation="http://www.openarchives.org/OAI/2.0/ http://www.openarchives.org/OAI/2.0/OAI-PMH.xsd"><responseDate>2026-04-14T08:04:28Z</responseDate><request verb="GetRecord" identifier="oai:www.recercat.cat:2445/175124" metadataPrefix="marc">https://recercat.cat/oai/request</request><GetRecord><record><header><identifier>oai:recercat.cat:2445/175124</identifier><datestamp>2025-12-05T09:33:47Z</datestamp><setSpec>com_2072_1057</setSpec><setSpec>col_2072_478799</setSpec><setSpec>col_2072_478917</setSpec></header><metadata><record xmlns="http://www.loc.gov/MARC21/slim" xmlns:dcterms="http://purl.org/dc/terms/" xmlns:xsi="http://www.w3.org/2001/XMLSchema-instance" xmlns:doc="http://www.lyncode.com/xoai" xsi:schemaLocation="http://www.loc.gov/MARC21/slim http://www.loc.gov/standards/marcxml/schema/MARC21slim.xsd">
   <leader>00925njm 22002777a 4500</leader>
   <datafield ind2=" " ind1=" " tag="042">
      <subfield code="a">dc</subfield>
   </datafield>
   <datafield ind2=" " ind1=" " tag="720">
      <subfield code="a">Vidal Alabró, Anna</subfield>
      <subfield code="e">author</subfield>
   </datafield>
   <datafield ind2=" " ind1=" " tag="720">
      <subfield code="a">Méndez-Lucas, Andrés</subfield>
      <subfield code="e">author</subfield>
   </datafield>
   <datafield ind2=" " ind1=" " tag="720">
      <subfield code="a">Semakova, Jana</subfield>
      <subfield code="e">author</subfield>
   </datafield>
   <datafield ind2=" " ind1=" " tag="720">
      <subfield code="a">Gómez-Valadés, Alícia G.</subfield>
      <subfield code="e">author</subfield>
   </datafield>
   <datafield ind2=" " ind1=" " tag="720">
      <subfield code="a">Perales Losa, Carlos</subfield>
      <subfield code="e">author</subfield>
   </datafield>
   <datafield ind2=" " ind1=" " tag="260">
      <subfield code="c">2021-03-17T09:32:08Z</subfield>
   </datafield>
   <datafield ind2=" " ind1=" " tag="260">
      <subfield code="c">2021-03-17T09:32:08Z</subfield>
   </datafield>
   <datafield ind2=" " ind1=" " tag="260">
      <subfield code="c">2012-02-03</subfield>
   </datafield>
   <datafield ind2=" " ind1=" " tag="520">
      <subfield code="a">Control of energy metabolism is crucial for optimal functioning of organs and tissues.&#xd;
Amongst all nutrients, glucose is the principal energy source for most cells and, therefore,&#xd;
minimum blood glucose levels must be guaranteed. Alterations in glycaemia can lead to&#xd;
hyperglycaemic states (producing protein glycosylation and toxicity in glucose-sensitive&#xd;
cells) or hypoglycaemic states (that can affect brain function), both harmful. Therefore,&#xd;
mechanisms must exist to keep glycaemia in a narrow physiological range (4-8 mM)&#xd;
independently of the nutritional state. To achieve control of blood glucose levels, our body&#xd;
has a complex, interorgan signaling system using nutrients (glucose, lipids, amino acids),&#xd;
hormones (insulin, glucagon, ghrelin, etc.) and the autonomic nervous system. In response&#xd;
to these signals, organs and tissues (mainly intestine, endocrine pancreas, liver, skeletal&#xd;
muscle, adipose tissue, brain and adrenal glands) adapt their function to energetic&#xd;
requirements.&#xd;
The liver plays a pivotal role in the maintenance of glucose homeostasis by continuously&#xd;
adapting its metabolism to energetic needs. In the fed state, when blood glucose levels are&#xd;
high and there is insulin, liver takes-up part glucose to replenish glycogen stores. Besides,&#xd;
when glucose stores are full, the liver has the capacity to synthesize lipids de novo from&#xd;
glucose for-long term energy storage. Lipids are packaged in very low-density lipoprotein&#xd;
(VLDL) particles and then transported to the adipose tissue. Conversely during starvation,&#xd;
when glycaemia falls and glucagon increases, the liver produces glucose to maintain&#xd;
circulating glucose levels by breaking down glycogen stores or by synthesizing glucose de&#xd;
novo through gluconeogenesis. Gluconeogenesis, as an energy-consuming pathway, is&#xd;
linked to 􀇃-oxidation of fatty acids (fuel supplier pathway)...</subfield>
   </datafield>
   <datafield tag="653" ind2=" " ind1=" ">
      <subfield code="a">Fetge</subfield>
   </datafield>
   <datafield tag="653" ind2=" " ind1=" ">
      <subfield code="a">Metabolisme dels lípids</subfield>
   </datafield>
   <datafield tag="653" ind2=" " ind1=" ">
      <subfield code="a">Liver</subfield>
   </datafield>
   <datafield tag="653" ind2=" " ind1=" ">
      <subfield code="a">Lipid metabolism</subfield>
   </datafield>
   <datafield ind2="0" ind1="0" tag="245">
      <subfield code="a">Liver Glucokinase and Lipid Metabolism</subfield>
   </datafield>
</record></metadata></record></GetRecord></OAI-PMH>